Pioneras españolas en las ciencias : (Record no. 190758)

MARC details
000 -LEADER
campo de control de longitud fija 01054nam a2200277 i 4500
001 - NÚMERO DE CONTROL
campo de control 190758
003 - IDENTIFICADOR DE NÚMERO DE CONTROL
campo de control ES-MaACL
005 - FECHA Y HORA DE LA ÚLTIMA TRANSACCIÓN
campo de control 20240201120401.0
008 - DATOS DE LONGITUD FIJA--INFORMACIÓN GENERAL
campo de control de longitud fija 220628s2004 sp a s001 0dspa
020 ## - NÚMERO INTERNACIONAL ESTÁNDAR DEL LIBRO
Número Internacional Estándar del Libro 84-00-07773-3
080 ## - NÚMERO DE LA CLASIFICACIÓN DECIMAL UNIVERSAL
Número de la Clasificación Decimal Universal 929-055.2(460)"19":5/6
100 1# - ENTRADA PRINCIPAL--NOMBRE DE PERSONA
Nombre de persona Magallón Portolés, Carmen.
9 (RLIN) 141367
245 10 - MENCIÓN DEL TÍTULO
Título Pioneras españolas en las ciencias :
Resto del título las mujeres del Instituto Nacional de Física y Química /
Mención de responsabilidad, etc. Carmen Magallón Portolés.
250 ## - MENCION DE EDICION
Mención de edición 1ª reimp.
260 ## - PUBLICACIÓN, DISTRIBUCIÓN, ETC.
Lugar de publicación, distribución, etc. Madrid :
Nombre del editor, distribuidor, etc. Consejo Superior de Investigaciones Científicas,
Fecha de publicación, distribución, etc. 2004.
300 ## - DESCRIPCIÓN FÍSICA
Extensión 406 p. :
Otras características físicas il. ;
Dimensiones 21 cm.
490 1# - MENCIÓN DE SERIE
Mención de serie Estudios sobre la ciencia ;
Designación de volumen o secuencia 24
500 ## - NOTA GENERAL
Nota general Índices.
504 ## - NOTA DE BIBLIOGRAFÍA, ETC.
Nota de bibliografía, etc. Bibliografía: p. 357-380.
650 #4 - PUNTO DE ACCESO ADICIONAL DE MATERIA--TÉRMINO DE MATERIA
Término de materia o nombre geográfico como elemento de entrada Científicas-
Subdivisión geográfica España-
Subdivisión cronológica S.XX.
9 (RLIN) 11001
710 2# - ENTRADA AGREGADA--NOMBRE DE ENTIDAD CORPORATIVA
Nombre de entidad corporativa o nombre de jurisdicción como elemento de entrada Consejo Superior de Investigaciones Científicas (España)
9 (RLIN) 3236
830 1# - PUNTO DE ACCESO ADICIONAL DE SERIE-TÍTULO UNIFORME
Título uniforme Estudios sobre la ciencia ;
Designación de volumen o secuencia 24
9 (RLIN) 177850
852 4# - LOCALIZACIÓN
Ubicación ES-MaACL
Número de control de estantería A-14978
itemnumber 197940
Sublocalización o colección R.153457
Ubicación en estantería Depósito 1
Signatura antigua Olim: N-7978
Donativo/Legado Donación Editorial
942 ## - ELEMENTOS DE ENTRADA SECUNDARIOS (KOHA)
Fuente del sistema de clasificación o colocación Clasificación decimal universal
Holdings
Estatus retirado Estado de pérdida Fuente del sistema de clasificación o colocación Estado de daño No para préstamo Biblioteca de origen Biblioteca actual Ubicación en estantería Fecha de adquisición Fuente de adquisición Total de préstamos Signatura topográfica completa Código de barras Visto por última vez Precio de reemplazo Tipo de ítem Koha
    Clasificación decimal universal     Biblioteca del Ateneo de Madrid Biblioteca del Ateneo de Madrid Depósito 1 28/06/2022 Donación   A-14978 1203027 23/02/2023 23/02/2023 Libro impreso